Coastal and estuarine management (Record no. 47171)
[ view plain ]
| 000 -LEADER | |
|---|---|
| fixed length control field | 01408nam a2200373Ia 4500 |
| 082 04 - DEWEY DECIMAL CLASSIFICATION NUMBER | |
| Classification number | 333.91/715 |
| 100 1# - MAIN ENTRY--AUTHOR NAME | |
| Personal name | French, Peter W., |
| 245 10 - TITLE STATEMENT | |
| Title | Coastal and estuarine management |
| 260 ## - PUBLICATION, DISTRIBUTION, ETC. (IMPRINT) | |
| Place of publication | London ; |
| -- | New York : |
| Name of publisher | Routledge, |
| Year of publication | 1997. |
| 300 ## - PHYSICAL DESCRIPTION | |
| Number of Pages | xv, 251 p. : |
| Other physical details | ill., maps. |
| 490 1# - SERIES STATEMENT | |
| Series statement | Routledge environmental management series |
| 650 #0 - SUBJECT ADDED ENTRY--TOPICAL TERM | |
| Topical Term | Coasts. |
| Topical Term | Estuaries. |
| Topical Term | Coastal zone management. |
| Topical Term | Estuarine area conservation. |
| 856 40 - ELECTRONIC LOCATION AND ACCESS | |
| Uniform Resource Identifier | http://site.ebrary.com/lib/rucke/Doc?id=10062806 |
No items available.
